Riconosci la Squadra di calcio - Quiz n°102 - Statistics

Statistiche generali
  • Questo quiz è stato fatto 8 volte
  • Il punteggio medio è 8 su 10
Statistiche sulle risposte
Indizio Risposta % Corretto
Colori sociali Giallo, verde
100%
Capienza Stadio 37 473 posti
88%
Titoli nazionali 8 Titoli di Francia
88%
Simboli Canarino
88%
Confederazione UEFA
88%
Trofei internazionali 0
75%
Fondazione 1943
75%
Trofei nazionali 4 Coppe di Francia 3 Supercoppa di Francia 1 Coppa delle Alpi
75%
Squadra Nantes
75%
Divisione nazionale 2023-2024 Prima
75%
Nessun quiz corrispondente trovato
Distribuzione punteggi
Percentuale di utenti per punteggio
Percentile per numero di risposta
I tuoi punteggi nel tempo
Non hai fatto questo quiz